| 000 | 01141nam a2200241Ia 4500 | ||
|---|---|---|---|
| 001 | 9475 | ||
| 003 | GE_BSU | ||
| 008 | 181216s||||||||xx |||||||||||||| ||und|| | ||
| 020 | _a9789941903304 | ||
| 040 | _cGE_BSU | ||
| 080 | _a69:658+69:658.51+693.002.5-52 | ||
| 100 | _aბიჭიაშვილი,ჯონი,ნიჟარაძე,გენო, სიჭინავა,გიორგი | ||
| 245 | _aმშენებლობის ორგანიზაცია,მექანიზაცია,ავტომატიზაცია,დაგეგმვა და მენეჯმენტი წ.1.ნაწ.1 | ||
| 245 | _cრედ.ბიჭიაშვილი ჯონი | ||
| 260 | _aთბილისი | ||
| 260 | _bლეგა | ||
| 260 | _c2008 | ||
| 300 | _a376გვ.20სმ. | ||
| 300 | _eბიბლიოგრ. გვ.363 | ||
| 541 | _h28ლ.70თ. | ||
| 653 | _aმშენებლობის ორგანიზაცია,მექანიზაცია,ავტომატიზაცია,დაგეგმვა და მენეჯმენტი | ||
| 942 | _cBK | ||
| 999 |
_c42769 _d42769 |
||